| Tag |
First Indicator |
Second Indicator |
Subfields |
| LEADER |
00000cgm a2200000Mi 4500 |
| 001 |
in00005591221 |
| 006 |
m o c |
| 007 |
cr |n||||||||a |
| 007 |
vz |za|z| |
| 008 |
200618s2020 onc010 e o vneng d |
| 005 |
20241201234705.7 |
| 035 |
|
|
|a (OCoLC)on1191031574
|
| 040 |
|
|
|a ALSTP
|b eng
|e rda
|c ALSTP
|d OCLCO
|d OCLCF
|d OCLCO
|d CJT
|d OCLCQ
|d NUI
|d OCLCO
|
| 019 |
|
|
|a 1373487112
|a 1430866266
|a 1444020693
|
| 024 |
8 |
|
|a ASP5066210/marc
|
| 035 |
|
|
|a (OCoLC)1191031574
|z (OCoLC)1373487112
|z (OCoLC)1430866266
|z (OCoLC)1444020693
|
| 049 |
|
|
|a TXAM
|
| 245 |
0 |
0 |
|a Statistics.
|n Chapter 16,
|p Regression and Measures of Association,
|p Spearman Measure of Association,
|p Exercises 2 - 3.
|
| 264 |
|
1 |
|a Kitchener, ON :
|b Easy Education,
|c 2020.
|
| 300 |
|
|
|a 1 online resource (10 minutes)
|
| 306 |
|
|
|a 000916
|
| 336 |
|
|
|a two-dimensional moving image
|b tdi
|2 rdacontent
|
| 337 |
|
|
|a computer
|b c
|2 rdamedia
|
| 337 |
|
|
|a video
|b v
|2 rdamedia
|
| 338 |
|
|
|a online resource
|b cr
|2 rdacarrier
|
| 347 |
|
|
|a video file
|2 rda
|
| 490 |
0 |
|
|a Academic Video Online
|
| 500 |
|
|
|a Title from resource description page (viewed July 21, 2020).
|
| 520 |
|
|
|a Regression and Measures of Association, Spearman Measure of Association, Explanation and Examples.
|
| 546 |
|
|
|a In English.
|
| 650 |
|
0 |
|a Mathematics
|x Study and teaching (Secondary)
|
| 650 |
|
0 |
|a Statistics
|x Study and teaching.
|
| 650 |
|
0 |
|a Statistics
|x Problems, exercises, etc.
|
| 650 |
|
6 |
|a Statistique
|x Étude et enseignement.
|
| 650 |
|
7 |
|a Mathematics
|x Study and teaching (Secondary)
|2 fast
|
| 650 |
|
7 |
|a Statistics
|2 fast
|
| 650 |
|
7 |
|a Statistics
|x Study and teaching
|2 fast
|
| 655 |
|
7 |
|a Instructional films
|2 fast
|
| 655 |
|
7 |
|a Problems and exercises
|2 fast
|
| 655 |
|
7 |
|a Instructional films.
|2 lcgft
|
| 655 |
|
7 |
|a Films de formation.
|2 rvmgf
|
| 710 |
2 |
|
|a Easy Education,
|e publisher.
|
| 856 |
4 |
0 |
|u http://proxy.library.tamu.edu/login?url=https://www.aspresolver.com/aspresolver.asp?MARC;5066210
|z Connect to this streaming video (Alexander Street Press)
|t 0
|
| 955 |
|
|
|a Alexander Street Press subscription streaming video
|
| 994 |
|
|
|a 92
|b TXA
|
| 999 |
f |
f |
|s ea9b74e1-be69-47ac-86d1-fcda77b5f5bb
|i 5e61efbf-aef4-4caf-b236-7ba0af85a24b
|t 0
|
| 952 |
f |
f |
|a Texas A&M University
|b College Station
|c Electronic Resources
|d Available Online
|t 0
|h Library of Congress classification
|
| 998 |
f |
f |
|t 0
|l Available Online
|